02331cam a22005894i 4500003000900000005001700009008004100026020001500067020001800082035002000100040003300120041001300153049000900166082002100175100003200196245012100228264006700349300006300416336002100479337002500500338002300525490003500548505029600583526001000879526001000889526000900899526000900908526000900917526000900926526000900935526000900944526000800953526000800961526000800969526000800977526000800985526000800993526000801001526000801009534008301017541001201100650004801112700003401160700005001194910002801244942001401272994001401286596000601300999019201306980005501498952018801553PE-LiUPU20250731180117.0190723s2015 sp a r 000 0 spa d a8416004730 a9788416004737 a(Sirsi) a252337 aPE-LiUPUbspacPE-LiUPUerda1 aspaheng aPRUA04a574.192bF382201 aFerrier, Denise R.,eautor.10aMemorama :bbioquímica /cDenise R. Ferrier, Bradford A. Jameson ; [traducción, Rita Gabriela León Jiménez]. 1aL'Hospitalet de Llobregat, Barcelona :bWolters Kluwer,c2015. aPaginación variada :bilustraciones ;c10 centímetros. atext2rdacontent aunmediated2rdamedia avolume2rdacarrier0 aLippincott illustrated reviews0 aEstructura y función de las proteínas -- Bioenergética y metabolismo de carbohidratos -- Metabolismo de lípidos -- Metabolismo del nitrógeno -- Integración del metabolismo - Almacenamiento y expresión de la información genética -- Coagulación sanguínea -- Abreviaturas. aSEG44 aSEG26 aP159 aP155 aP154 aP153 aP150 aP100 aP31 aP30 aP26 aP25 aP24 aP22 aP15 aP10 pTítulo Original: tLippincott illustrated reviews flash cards: Biochemistry. gE001-5;07aBioqímicavPreguntas y respuestas.2embne1 aJameson, Bradford A.,eautor.1 aLeón Jiménez, Rita Gabriela,etraductora. abgrbjpccjpcd20190723 2ddccBOOK aC0bPEPRU a1 a574.192 F38wDEWEYc31565i80407d31565e2019-10-2f2021-11-3g3lCCODEBUL1mBULn7p64.00q7r0sYtBOOKu2019-7-23xSALUDzP300COMPRA1FCOMPR3o.STAFF. Colección Ciencias de la Salud 81gALBERTO SANCHEZ Responsable de Automatización r2026-05-04 18:09:11i4l55o574.192 F38p80407s2026-04-27te1v69.00w2019-07-23xFACIHEDyBKzinventario-2023-12-13102ddc50708GENfP10aBULbBULcGENd2019-07-23eCOMPRAg64.00